Brazil: rising power in the Americas, (Record no. 89958)

MARC details
000 -LEADER
fixed length control field 00923cam a22002531 4500
001 - CONTROL NUMBER
control field sd 45000076
003 - CONTROL NUMBER IDENTIFIER
control field DLC
005 - DATE AND TIME OF LATEST TRANSACTION
control field 20260227112735.0
008 - FIXED-LENGTH DATA ELEMENTS--GENERAL INFORMATION
fixed length control field 900601s1945 nyu b 000 0 eng c
010 ## - LIBRARY OF CONGRESS CONTROL NUMBER
LC control number sd 45000076
035 ## - SYSTEM CONTROL NUMBER
System control number (OCoLC)21659234
040 ## - CATALOGING SOURCE
Original cataloging agency U.S. Dept. of State. Libr.
Transcribing agency TxU
Modifying agency OCoLC
-- DLC
042 ## - AUTHENTICATION CODE
Authentication code premarc
050 00 - LIBRARY OF CONGRESS CALL NUMBER
Classification number D410
Item number .F65 vol. 21, no. 15
100 1# - MAIN ENTRY--PERSONAL NAME
Personal name Holmes, Olive.
245 10 - TITLE STATEMENT
Title Brazil: rising power in the Americas,
Statement of responsibility, etc. by Olive Holmes.
260 ## - PUBLICATION, DISTRIBUTION, ETC.
Place of publication, distribution, etc. New York, N.Y.,
Name of publisher, distributor, etc. Foreign Policy Association, incorporated
Date of publication, distribution, etc. [1945]
300 ## - PHYSICAL DESCRIPTION
Extent 1 p.l., 211-219, [1] p.
Dimensions 27 cm.
490 0# - SERIES STATEMENT
Series statement Foreign policy reports,
Volume/sequential designation vol.XXI, no. 15. October 15, 1945
500 ## - GENERAL NOTE
General note "Status of Brazilian-U.S. war agreements, by O.K.D. Ringwood and Olive Holmes": p.[220]
504 ## - BIBLIOGRAPHY, ETC. NOTE
Bibliography, etc. note Bibliographical foot-notes.
651 #0 - SUBJECT ADDED ENTRY--GEOGRAPHIC NAME
Geographic name Brazil
General subdivision Politics and government
Chronological subdivision 1930-1945.
651 #0 - SUBJECT ADDED ENTRY--GEOGRAPHIC NAME
Geographic name Brazil
General subdivision Economic policy.

No items available.

Powered by Koha